|
|
|
|
| LEADER |
00818cam a2200229 7i4500 |
| 001 |
0000049613 |
| 005 |
20250107090000.0 |
| 020 |
|
|
|a 0443056129
|
| 090 |
0 |
0 |
|a QM551
|b .Y63 2000
|
| 100 |
1 |
|
|a Young, Barbara
|
| 245 |
1 |
0 |
|a Wheater's functional histology :
|b a text and color atlas
|c by Barbara Young, John W. Heath; with contributions by Alan Stevens, James S. Lowe; drawings by Philip J. Deakin.
|
| 250 |
|
|
|a 4th ed.
|
| 260 |
|
|
|a Edinburgh:
|b Churchill Livingstone,
|c 2000.
|
| 300 |
|
|
|a 413 p.:
|b ill. (some col.);
|c 30 cm.
|
| 500 |
|
|
|a Includes index
|
| 650 |
0 |
0 |
|a Histology
|
| 700 |
1 |
|
|a Lowe, James S
|
| 700 |
1 |
|
|a Heath, John W
|
| 700 |
1 |
|
|a Stevens, Alan
|
| 700 |
1 |
|
|a Deakin, Philip J
|
| 997 |
|
|
|a AIDCOMM - Communication and Media, Faculty
|
| 999 |
|
|
|a ZARC002934
|b BOK
|c OPEN SHELF
|e Zainol Ahmad Resource Center
|